LEADER 00862nam a2200217 i 4500 001 000000135067 003 CaOOAMICUS 005 20161123000000.0 008 161123s1881 it u000 u ita u 013 $a108361 040 $aSeMil$bita 100 1 $aGarelli, Alessandro.$0(OLS)http://semarc/name/55191 245 12$aI salari e la classe operaia in Italia /$cAlessandro Garelli. 260 $aTorino :$bA. Penato,$c1881. 300 $aXIV, 472 p. ;$c19 cm. 500 $aSul front.: Opera premiata al Concorso Ravizza. 650 4$aClasse operaia - Sec. 19.$0(OLS)http://semarc/subject/17715 850 $aSeMil 852 $aSeMil$W1$xVenegono$y1$m3N I 2 FA$j88757$B88757$CSeMilBibl$Z2$F214388 $8I 996 $6245$aI salari e la classe operaia in Italia$9(OLS)http://semarc/title/197615 996 $6260$aTorino :$bA. Penato$9(OLS)http://semarc/publisher/46873 LEADER 01120nam a2200241 i 4500 001 000000184984 003 CaOOAMICUS 005 20100122000000.0 008 100122s1932 it u000 u fre u 013 $a162972 040 $aSeMil$bita 100 0 $aTommaso : d'Aquino,$c.$0(OLS)http://semarc/name/423 245 10$aVers la perfection de la vie spirituelle /$cSaint Thomas d'Aquin ; Traduction du R. P. Hyac. Maréchal , O. P ; Introduction historique par le T. R. P. Mandonnet , O. P. 260 $aParis :$bLethielleux,$c1932. 300 $aXIV, 168 p. ;$c19 cm. 500 $aContiene : Appendice. 650 4$aVita spirituale.$0(OLS)http://semarc/subject/381 700 1 $aMaréchal, Hyacinthe-Louis .$0(OLS)http://semarc/name/40147 700 1 $aMandonnet, Pierre,$c.$0(OLS)http://semarc/name/87 850 $aSeMil 852 $aSeMil$W1$xVenegono$y1$m3F II 134$j135675$B135675$CSeMilBibl$Z2$F147217 $81 996 $6245$aVers la perfection de la vie spirituelle$9(OLS)http://semarc/title/265662 996 $6260$aParis :$bLethielleux$9(OLS)http://semarc/publisher/30156